000 00504nam a2200181Ia 4500
001 13036
005 20260306163024.0
008 260306t1997||||xx |||||||||||||| ||spa||
041 _aESP
082 _aRD 658.003
_bU61
100 _aAlumnos Primer Semestre de Administración de Negocios y Contabilidad
_eAUT
245 0 _aGlosario de terminología básica en administración
260 _c1997
300 _a170 páginas :
_c20 cm.
650 _aGEN
654 _aCAN
942 _cLIB
_dJUS
_fJUS
_2ddc
_n
999 _c13036
_d13036